Economic diplomacy, trade and commercial policy positive and negative sanctions in a new world order
Na minha lista:
| Autor principal: | |
|---|---|
| Formato: | Livro |
| Idioma: | inglês |
| Publicado em: |
Aldershot
Edward Elgar
1994
|
| Assuntos: | |
| Tags: |
Sem tags, seja o primeiro a adicionar uma tag!
|
MARC
| LEADER | 00000nam a2200000 4500 | ||
|---|---|---|---|
| 001 | c115445 | ||
| 005 | 20221123112254.2 | ||
| 020 | |a 1-85278-893-3 | ||
| 041 | 0 | |a eng | |
| 044 | |a US | ||
| 245 | 1 | 0 | |a Economic diplomacy, trade and commercial policy |b positive and negative sanctions in a new world order |c P.A.G. van Bergeijk |
| 264 | 1 | |a Aldershot |b Edward Elgar |c 1994 | |
| 300 | |a 224 s. | ||
| 610 | 2 | 0 | |a kooperácia hospodárska medzinárodná |
| 610 | 2 | 0 | |a diplomacia |
| 610 | 2 | 0 | |a obchod medzinárodný |
| 610 | 2 | 0 | |a obchod svetový |
| 610 | 2 | 0 | |a politika obchodná |
| 100 | 1 | |a Bergeijk, P.A.G. van | |